| 000 | 00746nam a22002413 4500 | ||
|---|---|---|---|
| 001 | 198356 | ||
| 010 | _a978-989-648-834-5 | ||
| 021 |
_aPT _b414272/16 |
||
| 090 | _a198356 | ||
| 100 | _a20251009d u||y0pory50 ba | ||
| 200 |
_aD. Joô IV _eo restaurador _ftexto Ana Oom _gilustraȯ̂ Carla Nazareth |
||
| 205 | _a1® | ||
| 210 |
_aLisboa _cZero a Oito _d2016 |
||
| 215 |
_a30 p. _cil. ; encadernado _d20 cm |
||
| 225 |
_aViva o rei. _eAs histr̤ias dos nossos reis contadas aos mais novos _h8 |
||
| 606 |
_91574 _aHistr̤ia de Portugal |
||
| 610 | _aD. Joô IV- o restaurador | ||
| 675 |
_a94(469)"16/18" _vPT _zpor |
||
| 700 |
_9799 _aOom _bAna |
||
| 702 |
_91289 _aNazareth _bCarla _f1975- |
||
| 801 |
_aPT _bBMMN _gRPC |
||
| 830 | _cIsabel | ||
| 990 | _cLIVROS | ||